Súčasný stav a vývojové tendencie na trhu práce

Súčasný stav na trhu práce ako aj tendencie jeho vývoja. Duálne vzdelávanie je systém a prepojenie všeobecného a odborného teoretického vzdelávania s praktickou prípravou u konkrétneho zamestnávateľa. Odchýlky a nerovnováha ponuky a dopytu pracovných síl na trhu práce.

Na minha lista:
Detalhes bibliográficos
Autor principal: Nekolová, Veronika, 1984-
Outros Autores: Prváková, Miroslava
Formato: Capítulo de Livro
Idioma:eslovaco
Assuntos:
Tags: Adicionar Tag
Sem tags, seja o primeiro a adicionar uma tag!

MARC

LEADER 00000nla a2200000 4500
001 0223500
005 20240502073645.7
041 0 |a slo 
044 |a SK 
245 1 0 |a Súčasný stav a vývojové tendencie na trhu práce  |c Veronika Nekolová, Miroslava Prváková 
520 |a Súčasný stav na trhu práce ako aj tendencie jeho vývoja. Duálne vzdelávanie je systém a prepojenie všeobecného a odborného teoretického vzdelávania s praktickou prípravou u konkrétneho zamestnávateľa. Odchýlky a nerovnováha ponuky a dopytu pracovných síl na trhu práce. 
610 2 0 |a príprava na povolanie 
610 2 0 |a kvalifikácia 
610 2 0 |a príprava odborná 
610 2 0 |a vzdelávanie duálne 
610 2 0 |a zamestnávatelia 
610 2 0 |a trh práce 
610 2 0 |a dopyt 
610 2 0 |a ponuka 
100 1 |a Nekolová, Veronika, 1984- 
700 1 |a Prváková, Miroslava